00754nam a2200217 i 450000100060000000300090000600500170001500700030003200800410003502000180007608000210009410000400011524500580015526000470021330000340026049000310029483000390032585200330036499900170039795201220041473410ES-MaACL20240417063034.0t|041008s2003 sp ||||1| spa d a84-9705-500-4 a821.134.2-14"19"0 aLobato, Joaquínd1943-200597299713aEl aroma del verano en el vuelo / cJoaquín Lobato. aValencia : bEditorial de la UPV, c[2003] a82 p. : bil. col. ; c22 cm.1 aColección Letras humanas0 aColección Letras humanas9184298 aES-MaACLjL-28196 bR.134036 c73410d73410 00104070aATENEOMbATENEOMcDEPO2d2008-01-17eSCl0oL-28196p1076841r2023-02-23 00:00:00w2023-02-23yMONOGRAFIA